Sistemas operativos : diseño e implementación /
Guardado en:
| Autor Principal: | |
|---|---|
| Formato: | Libro |
| Publicado: |
México :
Prentice-hall Hispanoamericana,
1988
|
| Etiquetas: |
Agregar Etiqueta
Sin Etiquetas, Sea el primero en etiquetar este registro!
|
| LEADER | 00613nam a22001575a 4500 | ||
|---|---|---|---|
| 001 | CEM.cems006189 | ||
| 005 | 20060214000000.0 | ||
| 008 | 130507s1988##################000#0#####d | ||
| 003 | CEMS | ||
| 082 | 0 | 4 | |a 001.6425 |
| 100 | 1 | |a Tanenbaum, Andrew S | |
| 245 | 1 | 0 | |a Sistemas operativos : |b diseño e implementación / |
| 260 | |a México : |b Prentice-hall Hispanoamericana, |c 1988 | ||
| 300 | |a 741 p. | ||
| 505 | 0 | |a Problem tica de la enunciaci¢n; la comunicaci¢n lingu¡stica, la e- nunciaci¢n. La subjetividad del lenguaje. Evaluaci¢n del enfoque descriptivo. | |
| 859 | |a CEMS |b BIB. CEMS - 11 de abril |h 001.6425 |i T155 |p 16281.91 |t Ej.1 | ||
